| 000 | 00379nam a22001577a 4500 | ||
|---|---|---|---|
| 999 |
_c5635 _d5633 |
||
| 005 | 20210909115854.0 | ||
| 008 | 171025b xxu||||| |||| 00| 0 eng d | ||
| 020 | _a81-7164-006-0 | ||
| 041 | _aeng | ||
| 082 | _a635 | ||
| 100 |
_achadha,Dr K L _96924 |
||
| 245 |
_aHANDBOOK OF HORTICULTURE _cDR. K.L. CHADHA |
||
| 260 |
_aNEW DELHI _bICAR _c2017 |
||
| 300 | _a1069p. | ||
| 942 | _cBK | ||